| 000 | 00466cam a2200157 a 4500 | ||
|---|---|---|---|
| 020 | _a0813378451 (alk. paper) | ||
| 040 | _cDLC | ||
| 082 | 0 | 0 | _a338 WES 1992 A018 Or. |
| 100 | 1 | _aDijkstra, A. Geske. | |
| 245 | 1 | 0 |
_aIndustrialization in Sandinista Nicaragua : _bpolicy and practice in a mixed economy / |
| 260 |
_aBoulder, CO : _bWestview Press, _c1992. |
||
| 300 |
_axii, 225 p. ; _c23 cm. |
||
| 650 | 0 | _aMixed economy | |
| 650 | 0 | _aIndustrialization | |
| 942 | _cEK | ||
| 999 |
_c12379 _d12379 |
||